Kompozity s plastovou matricou = Polymer matrix composites : Bakalárska práca

Salvato in:
Dettagli Bibliografici
Autore principale: Krajčík, František, 1986- (Autore)
Natura: Manoscritto Libro
Lingua:slovacco
Pubblicazione: Trnava : STU v Bratislave MTF UMAT, 2009
Soggetti:
Tags: Aggiungi Tag
Nessun Tag, puoi essere il primo ad aggiungerne!!

MARC

LEADER 00000ntm a22000003a 4500
001 stu197943
005 20160719160044.4
008 100113s2009----xo------------------slo-d
040 |a STU  |b slo 
041 0 |a slo 
044 |a xo 
100 1 |a Krajčík, František,  |d 1986-  |4 aut  |X 38038  |7 A000038038 
245 1 |a Kompozity s plastovou matricou = Polymer matrix composites :  |b Bakalárska práca 
260 |a Trnava :  |b STU v Bratislave MTF UMAT,  |c 2009 
300 |a 70 s  |c 1 CD-ROM 
500 |a Študijný program: technické materiály 
500 |a Študijný odbor: 5.2.26 materiály 
650 7 |a kompozity  |2 stusub 
650 7 |a matrica  |2 stusub 
700 1 |a Sorentínyová, Zuzana,  |d 1963-  |4 orm  |u M240  |U MTF Ústav materiálov  |T MTF Katedra nekovových materiálov  |X 309  |U M240  |Y M240  |7 A000000309 
996 |b 284M072021  |c M*BP-4065  |l MMSKP  |s P  |a 0  |w stu197943_0001